000
00301nam a2200121Ia 4500
008
190216s9999||||xx |||||||||||||| ||und||
100
_a
Dr.Amith Simh Cambeg
245
0
_a
Hindi-Computer Kibj Thadha Shabdh Kosh
260
_b
Preethi Prakashan
_c
2005
300
_a
198
650
_a
Hindi
942
_c
BK
999
_c
16873
_d
16873